sap, sheenh tay faqeer (Record no. 525160)

000 -LEADER
fixed length control field 00379nam a22001577a 4500
003 - CONTROL NUMBER IDENTIFIER
control field NUST
005 - DATE AND TIME OF LATEST TRANSACTION
control field 20190628073348.0
008 - FIXED-LENGTH DATA ELEMENTS--GENERAL INFORMATION
fixed length control field 190628b ||||| |||| 00| 0 eng d
038 ## - RECORD CONTENT LICENSOR
Staff Name Azhar
082 ## - DEWEY DECIMAL CLASSIFICATION NUMBER
Classification number 891.422
Author Mark RAN
100 ## - MAIN ENTRY--PERSONAL NAME
Relator code Afzal Ahsan Randhawa
245 ## - TITLE STATEMENT
Title sap, sheenh tay faqeer
260 ## - PUBLICATION, DISTRIBUTION, ETC.
Place of publication, distribution, etc. Lahore
Name of publisher, distributor, etc. Punjabi Adabi Board
Date of publication, distribution, etc. 1988
300 ## - PHYSICAL DESCRIPTION
Extent 120p;
942 ## - ADDED ENTRY ELEMENTS (KOHA)
Source of classification or shelving scheme
Koha item type Book
Holdings
Withdrawn status Lost status Source of classification or shelving scheme Damaged status Not for loan Permanent Location Current Location Shelving location Date acquired Total Checkouts Full call number Barcode Date last seen Price effective from Koha item type
          Central Library (CL) Central Library (CL) Punjabi Literature 06/28/2019   891.422 RAN CL-E-958 06/28/2019 06/28/2019 Book
© 2023 Central Library, National University of Sciences and Technology. All Rights Reserved.